Análisis de la situación alimentaria - nutricional en Costa Rica
Guardado en:
| Autor principal: | |
|---|---|
| Formato: | Desconocido |
| Publicado: |
Heredia :
|
| Etiquetas: |
Agregar Etiqueta
Sin Etiquetas, Sea el primero en etiquetar este registro!
|
MARC
| LEADER | 00000 a2200000 04500 | ||
|---|---|---|---|
| 001 | 15192 | ||
| 003 | |||
| 008 | 991231s d | ||
| 040 | |||
| 090 | |a 174604 | ||
| 100 | |a Sáenz, Lenin | ||
| 245 | |a Análisis de la situación alimentaria - nutricional en Costa Rica | ||
| 260 | |a Heredia : | ||
| 999 | |c 11212 |d 11212 | ||
